[Event "FRA-ch"]
[Site "Narbonne"]
[Date "1997.08.19"]
[Round "5"]
[White "Santo Roman, Marc"]
[Black "Neiman, Emmanuel"]
[Result "1/2-1/2"]
[WhiteElo "2385"]
[BlackElo "2315"]
[Annotator "Mikhalevski,V"]
[PlyCount "96"]
[EventDate "1997.08.15"]
[EventType "tourn"]
[EventRounds "15"]
[EventCountry "FRA"]
[EventCategory "9"]
[SourceTitle "CBM 061"]
[Source "ChessBase"]
[SourceDate "1997.11.23"]
[SourceVersion "1"]
[SourceVersionDate "1997.11.23"]
[SourceQuality "1"]

1. e4 e5 2. Nf3 Nc6 3. d4 exd4 4. Nxd4 Nf6 5. Nc3 Bb4 6. Nxc6 bxc6 7. Bd3 d5 8.
exd5 cxd5 9. O-O O-O 10. Bg5 Be6 11. Ne2 h6 12. Bh4 Bg4 (12... Bd6 13. Nd4 c5
14. Nxe6 fxe6 15. Qe2 e5 16. Bg6 Rb8 17. c4 e4 18. Rad1 Qc7 19. Kh1 dxc4 20.
Bxf6 Rxf6 21. Bxe4 Be5 22. Qxc4+ Kh8 23. b3 Rbf8 24. Qe2 Bd4 25. f3 Qe5 26. g3
Re8 27. Qd3 {Salov,V-Nunn,J/Wijk 1991/CBM 22/[Salov]/1-0 (38)}) (12... g5 13.
Bg3 Ne4 14. Nd4 Nxg3 15. fxg3 Bc5 16. c3 Rb8 17. Qc2 f6 18. Kh1 Bxd4 19. cxd4
Bf7 20. Rf2 Rb6 21. Rc1 Re8 22. h3 Re7 23. Rcf1 Kg7 24. Rf3 Ree6 25. a3 a5 26.
Qd2 Qb8 27. R1f2 Rb3 28. Bb1 Qb6 29. h4 Bh5 30. Rc3 Rxc3 31. Qxc3 Bg6 32. Bxg6
Kxg6 33. h5+ Kg7 34. Qd3 Re4 35. Rc2 c6 36. Rc5 Qxb2 37. Rxc6 Qxd4 38. Qb1 Qa7
39. Rb6 Re1+ 40. Qxe1 Qxb6 41. Qe7+ Kg8 42. Qe8+ Kg7 43. Qg6+ Kf8 44. Qxh6+ Kg8
45. Qg6+ Kh8 46. h6 Qb7 47. Qxf6+ Kh7 48. Qxg5 a4 49. Qg7+ {1-0 Savko,
A-Simacek,P/Litomysl op 1994}) (12... Be7 13. Nd4 Bg4 14. Qe1 Bd7 15. Rd1 Re8
16. Nf5 Bxf5 17. Bxf5 Rb8 18. Qc3 Qd6 19. Bg3 Qb6 20. Be5 g6 21. Bd3 Rbc8 22.
b3 c5 23. Be2 Rcd8 24. Bf3 d4 25. Qc4 Bf8 26. Rfe1 Qe6 27. Qxe6 Rxe6 28. Bc7
Rd7 29. Rxe6 fxe6 30. Be5 Nd5 31. Re1 Kf7 32. Be4 Be7 33. Bg3 Bg5 34. Bd3 Bf4
35. Bxf4 Nxf4 36. Bc4 Nd5 37. g3 {Ivanov,A-Ballon,G/Sitges op 1993/1/2-1/2 (55)
}) 13. f3 (13. h3 Bh5 14. Qc1 Bxe2 15. Bxe2 Bd6 16. Qe3 Rb8 17. b3 Re8 18. Qf3
g5 19. Bg3 Bxg3 20. fxg3 Kg7 21. Rf2 Re5 22. Raf1 Rb6 23. Bd3 Qe7 24. Kh2 Re3
25. Qf5 Rbe6 26. g4 c5 27. h4 R3e5 {Orlov,V-Yemelin,V/St.Petersburg-ch 1995/
CBM 47/1/2-1/2 (79)}) (13. c3 Bd6 14. Qc2 Re8 15. Rfe1 Be5 16. Bb5 Bd7 17. Bxd7
Qxd7 18. Rad1 Ne4 19. f3 Bf6 20. fxe4 Bxh4 21. g3 Qg4 22. exd5 Re4 23. Nd4 Rae8
24. Rxe4 Rxe4 25. Rf1 Bf6 26. Nf3 Re3 27. Kg2 Qc4 28. Rf2 Qxd5 29. Qd2 Rd3 30.
Qf4 Bg5 31. Qxc7 Be3 32. c4 Qe4 33. Re2 Rd1 34. Rxe3 Qxe3 35. Qc8+ Kh7 36. Qf5+
Kg8 37. Qc8+ Kh7 38. Qf5+ {1/2-1/2 Rublevsky,S-Galdunts,S/Kurgan 1994}) 13...
Bc5+ (13... Bd7 14. c3 Be7 15. Nd4 Nh5 16. Bxe7 Qxe7 17. Qd2 c5 18. Rae1 Qf6
19. Ne2 Qd6 20. Rd1 Rad8 21. Bb1 Bb5 22. Rfe1 Rfe8 23. Qc2 g6 24. Qd2 Re6 25.
Nc1 Kg7 26. g3 Rde8 27. f4 Qe7 28. Nd3 Bxd3 29. Rxe6 Qxe6 30. Bxd3 Nf6 31. Qf2
Qd7 32. h3 Qb7 33. b3 Qc8 34. Kg2 Qc6 35. Kh2 Re7 36. Re1 Ne4 37. Bxe4 dxe4 38.
Qe3 Qd5 39. Re2 Qd1 40. Kg2 Re6 41. Re1 Qd5 42. Re2 {1/2-1/2 Cala,U-Sliwa,B/
Helsinki olm 1952/MCD-ol}) 14. Kh1 Be6 (14... Bd7 $5) 15. c3 (15. Nf4 Rb8 16.
Rb1 Bd6 17. Nxe6 fxe6 18. c4 $1 $14) 15... a5 (15... Bd6 16. Nd4 c5 17. Nxe6
fxe6 18. Qe2 $1 Re8 19. c4 $1 Qc7 $140 20. f4 $14) 16. Nd4 Bd7 17. Qc2 (17. Bc2
$142 $1 {/\Qd3}) 17... Re8 18. Rfe1 Rb8 19. Rxe8+ Bxe8 20. Re1 Qd6 21. Nf5 Qb6
22. b3 Bd7 23. Qd2 $5 {/\N:h6!} (23. Ne7+ $5 Bxe7 24. Rxe7 Qd6 25. Re2 $14 (25.
Bxf6 $6 Qxf6 $1 26. Rxd7 $140 $2 Qe6)) 23... Bxf5 (23... Re8 24. Rxe8+ Nxe8 (
24... Bxe8 $6 25. Qf4 $1 $16 {/\N:h6}) 25. Ne7+ Bxe7 26. Bxe7 $14) 24. Bxf5 $14
Rd8 25. Bc2 Bf8 26. Qd3 g6 27. Qd4 $6 (27. Qe3 $5 Re8 28. Qxb6 cxb6 $14) 27...
Qxd4 28. cxd4 Re8 29. Kg1 Bb4 30. Rxe8+ Nxe8 $11 {><d4} 31. Kf1 Ng7 32. Bf2 Ne6
33. Be3 (33. Ke2 Nf4+ 34. Kf1 Ne6 (34... Bc3 35. Be3 Ne6 {see the game})) 33...
Bc3 $5 (33... g5 34. Ke2 Nf4+ 35. Bxf4 (35. Kf1 Bc3 {/\Ne6}) 35... gxf4 $11)
34. Bxh6 g5 $1 35. Bd3 $6 (35. Bf5 $142 Nxd4 36. Bc8 f6 37. Kf2 $14 (37. f4 $5)
) 35... Bxd4 36. Bf5 Bf6 37. Kf2 c5 38. Bd3 Nf4 39. Bb5 Ng6 40. Bd3 Nf4 41. Bf5
Ng6 42. Bxg6 fxg6 $11 43. g4 Kf7 44. f4 gxf4 45. Bxf4 Ke6 46. a4 Be5 $1 47. Bd2
$1 {[]} (47. Ke3 $2 d4+ $1 48. Ke4 Bxf4 49. Kxf4 g5+ $1 50. Ke4 Kd6 51. h3 Ke6
$19) (47. Bxe5 $2 Kxe5 48. Kf3 (48. h4 Kf4 49. h5 gxh5 50. gxh5 Kg5 51. Kf3
Kxh5 52. Kf4 d4 53. Ke4 Kg4 54. b4 axb4 (54... cxb4 $19) 55. a5 b3 56. Kd3 c4+
$19) 48... g5 $1 49. Ke3 d4+ 50. Kd3 Kd5 51. h3 Ke5 $19) (47. Kf3 $2 Bxf4 48.
Kxf4 g5+ $3 49. Kxg5 (49. Kf3 Ke5 50. Ke3 d4+ 51. Kd3 Kd5 52. h3 Ke5 $19) 49...
Ke5 $1 50. Kh5 (50. Kh6 c4 51. bxc4 dxc4 52. g5 c3 53. g6 c2 54. g7 c1=Q+ $19)
(50. h4 c4 51. bxc4 dxc4 52. h5 c3 53. h6 c2 54. h7 c1=Q+ $19) 50... d4 51. g5
d3 52. g6 d2 53. g7 d1=Q+ $19) 47... Bxh2 48. Bxa5 c4 (48... Kd7 $142 $11 {
/\Kc6}) 1/2-1/2

[Event "FRA-ch"]
[Site "Narbonne"]
[Date "1997.08.23"]
[Round "8"]
[White "Marciano, David"]
[Black "Neiman, Emmanuel"]
[Result "1/2-1/2"]
[WhiteElo "2470"]
[BlackElo "2315"]
[Annotator "Mikhalevski,V"]
[PlyCount "84"]
[EventDate "1997.08.15"]
[EventType "tourn"]
[EventRounds "15"]
[EventCountry "FRA"]
[EventCategory "9"]
[SourceTitle "CBM 061"]
[Source "ChessBase"]
[SourceDate "1997.11.23"]
[SourceVersion "1"]
[SourceVersionDate "1997.11.23"]
[SourceQuality "1"]

1. e4 e5 2. Nf3 Nc6 3. Nc3 Nf6 4. g3 Bb4 5. Bg2 O-O 6. O-O Bxc3 7. bxc3 Re8 8.
d3 d5 9. exd5 Nxd5 10. Ng5 h6 11. Ne4 Nf6 (11... f5 12. c4 Nf6 13. Nc5 Qd6 14.
Ba3 e4 15. dxe4 Qxd1 16. Raxd1 fxe4 17. Rfe1 Bf5 18. Nxb7 Ne5 19. Bb2 Nf3+ 20.
Bxf3 exf3 21. Rxe8+ Rxe8 22. Bxf6 gxf6 23. Rd8 Rxd8 24. Nxd8 Bxc2 25. Ne6 Bd3
26. c5 Bc4 27. Nxc7 Bxa2 28. c6 Kf8 29. Kf1 Bb3 30. Ke1 Ke7 {0-1 Glek,
I-Zaitsev,I/Moscow7 op 1991/TD 91\03}) 12. Nc5 Qd6 13. Ba3 Bd7 $2 (13... b6 $6
14. Qf3 $1) (13... Bg4 $6 14. Qc1 b6 15. Ne4 Qe6 16. Nd6 cxd6 17. Bxc6 d5 18.
Bxa8 Rxa8) (13... Nd5 $142) (13... Rb8) 14. Qc1 $16 e4 15. Nxe4 Qe5 16. f4 $6 (
16. Nxf6+ $142) 16... Qf5 17. Qd2 $6 (17. Rb1 $142) 17... Nxe4 18. dxe4 Qa5 19.
Bb4 Nxb4 20. cxb4 Qb6+ 21. Qf2 Qxb4 22. Rab1 Qa5 23. e5 Rab8 24. c4 $2 (24.
Rxb7 Rxb7 25. Bxb7 Qxa2 26. Qc5 $14) 24... b6 25. Rbd1 Be6 $15 26. Bd5 Rbd8 27.
Bxe6 $6 (27. Qg2) (27. Qf3 $5 Qxa2 $140 $6 28. Bxe6 fxe6 29. Rxd8 Rxd8 30. Qc6)
27... fxe6 28. Kg2 Qa4 29. Qe2 Qc6+ 30. Kh3 $6 (30. Kg1 $142) 30... Rf8 31. Qc2
$2 Rxd1 32. Rxd1 Rxf4 33. Rd8+ (33. gxf4 $4 Qf3+ 34. Kh4 Qxf4+ 35. Kh3 Qf3+ 36.
Kh4 g5#) 33... Rf8 $17 34. Rd4 $2 (34. Rxf8+ $142 Kxf8) 34... Qf3 $19 35. Qg6
Qf1+ 36. Kh4 Qf2 37. Qxe6+ Kh8 38. Re4 g5+ $4 (38... Qxh2+ 39. Qh3 Qxa2 $19)
39. Kh5 $11 Qxh2+ 40. Rh4 $1 Qe2+ 41. Rg4 Qh2+ 42. Rh4 Qe2+ 1/2-1/2

[Event "FRA-ch"]
[Site "Narbonne"]
[Date "1997.08.26"]
[Round "11"]
[White "Lepelletier, Benoit"]
[Black "Anic, Darko"]
[Result "1/2-1/2"]
[WhiteElo "2480"]
[BlackElo "2445"]
[Annotator "Mikhalevski,V"]
[PlyCount "51"]
[EventDate "1997.08.15"]
[EventType "tourn"]
[EventRounds "15"]
[EventCountry "FRA"]
[EventCategory "9"]
[SourceTitle "CBM 061"]
[Source "ChessBase"]
[SourceDate "1997.11.23"]
[SourceVersion "1"]
[SourceVersionDate "1997.11.23"]
[SourceQuality "1"]

1. e4 e5 2. Nf3 Nc6 3. Nc3 Nf6 4. g3 Bb4 5. Bg2 O-O 6. O-O d6 (6... Bxc3 7.
bxc3 d6 8. d3 h6 9. Rb1 b6 10. h3 Be6 11. c4 a6 12. Kh2 Rb8 13. Be3 b5 14. cxb5
axb5 15. a3 Ne8 {1/2-1/2 Onischuk,A-Rozentalis,E/New York op 1997/EXP 57}) 7.
d3 h6 8. Bd2 Be6 (8... a6 9. a3 Ba5 10. b4 Bb6 11. Be3 Bg4 12. h3 Bxf3 13. Bxf3
Nd4 14. Bg2 Qd7 15. Ne2 Nxe2+ 16. Qxe2 Bxe3 17. Qxe3 a5 18. f4 axb4 19. axb4 b6
20. d4 Qb5 21. c3 exd4 22. Qxd4 Rxa1 23. Rxa1 Re8 24. Re1 Re6 25. e5 c6 26. Bf1
Qa4 27. Qxb6 Qc2 28. Qd4 Nd5 29. Bd3 Qb2 30. Rb1 {1-0 Glek,I-Wedberg,T/Biel op
1993/TD 93\07}) 9. h3 (9. a3 Ba5 10. b4 Bb6 11. Na4 $14 d5 12. exd5 Bxd5 13. c4
Bxf3 14. Bxf3 (14. Qxf3 e4) 14... Bd4 (14... Qxd3 $2 15. c5) 15. Rb1 $14) 9...
a5 10. a3 Bc5 11. Be3 (11. Kh2 Qd7 (11... Re8) 12. Nh4 {/\f4} d5 13. exd5 (13.
f4 exf4 14. Bxf4 Bd4 $1 15. exd5 Nxd5 16. Nxd5 Bxd5 $11) 13... Nxd5 14. Nxd5
Bxd5 15. Bxd5 Qxd5 16. Qg4 $14) 11... Bxe3 12. fxe3 d5 13. exd5 Nxd5 14. Qd2
Nxc3 (14... Qd7 15. Nxd5 Bxd5 16. Qc3 f6 $11 17. Nh4 Be6) 15. Qxc3 Qd6 (15...
f6) 16. Nd2 f5 $6 (16... Nd4 $1 17. Rae1 (17. Ne4 Ne2+ 18. Kh2 Nxc3 19. Nxd6
cxd6 20. bxc3 Rac8 21. c4 b5 22. cxb5 Rxc2 23. Rfc1 Rfc8 24. Rxc2 Rxc2 25. Rb1
Ba2 $15) 17... Nb5 18. Ne4 Nxc3 19. Nxd6 cxd6 20. bxc3 $11) 17. Nc4 $14 Bxc4
18. Qxc4+ Kh8 19. Kh2 (19. Qb5 Ra6) 19... Ne7 20. Rf2 (20. Bxb7 $5 Rab8 21. Bg2
Rxb2 22. e4) 20... c6 21. Raf1 Rf6 22. Qc3 b6 23. e4 (23. Qd2) (23. d4) 23...
Raf8 24. Qd2 (24. exf5 $6 Nxf5 25. Rf3 (25. Be4 $2 Ne3) (25. Qd2 e4 26. Qf4
Qxf4 27. Rxf4 exd3 28. cxd3 g5 29. R4f2 Kg7 $15) 25... Nxg3 $5 (25... Nd4 26.
Rxf6 Rxf6 27. Rxf6 Qxf6 28. Qd2 $11) 26. Rxf6 Rxf6 27. Rxf6 Qxf6 28. Qxc6 Qf2
29. Qe8+ Kh7 30. Qxe5 Nf1+ 31. Kh1 Ng3+ $11) 24... c5 (24... f4 $5 25. gxf4
Rxf4 26. Rxf4 exf4 27. Bf3 Ng6 $13) 25. exf5 Nxf5 26. Be4 $14 1/2-1/2

[Event "RUS-ch 72nd"]
[Site "Izhevsk"]
[Date "2019.08.14"]
[Round "4"]
[White "Motylev, Alexander"]
[Black "Alekseenko, Kirill"]
[Result "1/2-1/2"]
[WhiteElo "2668"]
[BlackElo "2668"]
[Annotator "Motylev,A"]
[PlyCount "90"]
[EventDate "2019.08.10"]
[EventType "tourn"]
[EventRounds "11"]
[EventCountry "RUS"]
[EventCategory "18"]
[SourceTitle "CBM 192"]
[Source "ChessBase"]
[SourceDate "2019.10.31"]
[SourceVersion "1"]
[SourceVersionDate "2019.10.31"]
[SourceQuality "1"]

1. e4 e5 2. Nf3 Nc6 3. d4 exd4 4. Nxd4 Nf6 5. Nc3 Bb4 6. Nxc6 bxc6 7. Bd3 d5 8.
exd5 O-O 9. O-O cxd5 10. a3 $5 {A rare line, used by Russian GM Alexey
Pridorozhny.} Bd6 $1 {The best reaction.} 11. Nb5 Be5 $1 12. f4 Bd6 {Black has
lost two tempi with his dark-squared bishop only to provoke f2-f4. But this
advance weakens White's position badly and Black is totally fine here.} 13. b4
c5 (13... Be7 14. Nd4 $13) 14. Nxd6 Qxd6 15. Kh1 d4 ({Worse was} 15... Bg4 $143
{in view of} 16. Qd2 $1) ({The simpest decision would be} 15... Re8 $5 16. Bb2
Bg4 17. Qd2 Ne4 $11) 16. bxc5 (16. Qf3 Bd7 17. f5 Rfe8 $11) 16... Qxc5 17. Rb1
Re8 18. Rb5 $5 {An interesting way to fight for the e-file.} Qc6 19. Re5 Bb7 (
19... Ba6 $5 {was enough for equality too.}) 20. Qe2 Rxe5 $1 21. fxe5 Re8 $1
22. Bf4 $5 ({I spent a lot of time here, trying to make Rf6 work, but did not
succeed:} 22. Rxf6 gxf6 23. Qg4+ Kf8 24. Bh6+ Ke7 25. Bg7 $1 {Stockfish thinks
that White is still ok here, but it looks dubious from the human view.} (25.
exf6+ Qxf6 $3 {- a nice refutation!} 26. Bg5 Kf8 $3 $19) 25... fxe5 (25... Kd8
26. Bxf6+ Kc7 27. Qg7 $1 $13) 26. Bxe5 Kd8 27. Qg5+ f6 28. Bxf6+ Kc8 29. Bxd4
$13) ({Best was probably} 22. Bb5 d3 $1 {The point of Black's play.} 23. Bxd3
Rxe5 24. Qf3 {and the position is about equal.} ({or} 24. Qf2 $11)) 22... Nh5 (
{There was nothing wrong with} 22... Re7 $5 23. h3 Nd7 24. Qf2 Qd5 {and Black
could even be slightly better, but the move in the game is more direct.}) 23.
Bc4 $2 {Going for an advantage, White forgets about safety.} (23. Bxh7+ {
has to be played. After} Kxh7 24. Qxh5+ Kg8 25. Rf2 Qc3 (25... d3 26. cxd3) 26.
Qd1 {despite of his extra pawn it is White who has to be careful, the position
is about equal.}) 23... d3 $1 ({White's idea lies in the line} 23... Nxf4 $6
24. Rxf4 Rxe5 $2 (24... Re7 $8) 25. Bxf7+ Kh8 26. Bd5 $1 {, winning}) 24. Bxd3
({Now after} 24. cxd3 $2 Nxf4 25. Rxf4 Rxe5 {White is forced to go into the
endgame with a pawn less:} 26. Re4 ({The idea from above is no longer working:
} 26. Bxf7+ $2 Kh8 27. Bd5 Qc1+ 28. Rf1 Rxe2 29. Rxc1 Bxd5 $19) 26... Rxe4 27.
dxe4 Qxe4 $17) 24... Nxf4 25. Rxf4 Rxe5 $15 {White is slightly worse here.
Both players were in time trouble already.} 26. Qd2 ({Worse was} 26. Qf2 {
in view of} Re1+ 27. Bf1 Ra1 $17 28. Rxf7 $4 Qxg2+) 26... g6 27. Bf1 $6 {
Too passive.} ({Better was} 27. h3 {and if} Qd6 {then White has} (27... Re1+
28. Rf1) 28. Qb4) 27... Rd5 $5 ({Black had an interesting possibility here -} 
27... Qc7 $5 28. h3 Be4 $15) 28. Qf2 Rd1 29. Kg1 {White seems to hold here,
but not without difficulties.} Qd6 ({A better try was} 29... Rc1 $5 30. c4 ({
with a small trap -} 30. Rxf7 $4 Qxg2+ $1 $19) 30... Qc7 31. Qe3 $1 Qb6 32.
Qxb6 axb6 33. Rd4 Kg7 {and the engame is slightly better for Black.}) (29...
Qc7 30. Rd4 $1) (29... Ba6 30. Qxa7 $1) 30. c4 $4 {A terrible move.} ({In time
trouble White missed the simple} 30. Rxf7 $1 Bxg2 $1 (30... Ba6 31. Qxa7 Rxf1+
32. Rxf1 Bxf1 33. Qa8+ Kg7 34. Qb7+ Kh6 35. Kxf1 $14) (30... Bd5 {is also
possible, but White is slightly better after} 31. Rf4 Qxa3 32. c4 Bc6 33. h4)
31. Kxg2 (31. Qxa7 Rxf1+ 32. Rxf1 Bxf1 $11) 31... Rd2 32. Rf8+ (32. Be2) 32...
Kg7 33. Rf7+ Kg8 (33... Kh6 $4 34. Be2)) 30... Bxg2 $5 {Tempting.} ({But
better was} 30... f5 $1 31. Qe3 Be4 32. Rf2 a5 $17 {with a huge positional
advantage.}) 31. Kxg2 Rd2 32. Be2 Rxe2 $1 ({After} 32... Qe5 33. Kf3 g5 34. Re4
{Black has to force the draw} Qf5+ 35. Ke3 Qc5+ 36. Kf3 $11) 33. Qxe2 Qxf4 34.
Qe7 $1 {Thanks to this resource White is holding the endgame.} Qg4+ ({Another
try was} 34... Qxc4 35. Qxa7 h5 (35... Kg7 36. a4 h5 37. a5 h4 38. a6 $11) {
but after} 36. Qb8+ Kg7 37. Qb2+ $1 f6 (37... Kh7 38. Qb4 $1) 38. Qb7+ Kh6 39.
Qb4 $1 {White's counterplay is enough for a draw.}) 35. Kf2 Qd4+ ({More
problems White could face after the trickier} 35... Qf4+ $5 36. Kg2 a6 $1 {
although here not only} 37. Qd8+ $1 ({but also} 37. c5 Kg7 38. Qb7 {should be
enough for a draw}) 37... Kg7 38. Qd5 $1 Qg4+ 39. Kf2 Qe6 {Here suddenly
\White can go into a pawn endgame:} 40. Qxe6 $1 fxe6 41. Ke3 Kf6 42. Kd4 Ke7
43. Kc5 $1 {=}) 36. Kg2 Qd2+ 37. Kg1 Qd4+ 38. Kg2 a5 (38... Qg4+ $5 39. Kf2
Qf4+ {transposes to the 35...Qf4 line.}) 39. c5 $1 Qb2+ 40. Kg1 Qb1+ 41. Kg2
Qb2+ 42. Kg1 Qd4+ 43. Kg2 Kg7 44. Qc7 $1 Qb2+ 45. Kg1 ({Maybe slightly better
was} 45. Kf1 {(or even 45.Kh1). The difference is that after} Qxa3 46. Qe5+ f6
47. Qc7+ Kh6 48. Qf4+ Kh5 {White has} 49. c6 $1 $11 {It's not that important,
though, because in the 45.Kg1 line White has the 49.Qc4! resource which is
enough for a draw.}) 45... Qd4+ {Black couldn't find any resources and just
offered a draw here.} (45... Qxa3 46. Qe5+ f6 47. Qc7+ Kh6 {Only try.} 48. Qf4+
$1 ({less clear is} 48. c6 Qc1+ 49. Kg2 a4 50. Qd7 a3 51. c7 a2 52. c8=Q Qxc8
53. Qxc8 a1=Q 54. Qh3+ Kg5 $17) 48... Kh5 49. Qc4 $1 $11 (49. c6 $4 Qc5+))
1/2-1/2

[Event "POL-ch"]
[Site "Warsaw"]
[Date "2004.05.03"]
[Round "9"]
[White "Socko, Bartosz"]
[Black "Murdzia, Piotr"]
[Result "1/2-1/2"]
[WhiteElo "2579"]
[BlackElo "2455"]
[Annotator "Mueller,Karsten"]
[PlyCount "128"]
[EventDate "2004.04.24"]
[EventType "tourn"]
[EventRounds "13"]
[EventCountry "POL"]
[EventCategory "12"]
[SourceTitle "CBM 101"]
[Source "ChessBase"]
[SourceDate "2004.07.27"]
[SourceVersion "1"]
[SourceVersionDate "2004.07.27"]
[SourceQuality "1"]

1. e4 e5 2. Nf3 Nf6 3. Nc3 Nc6 4. g3 d5 5. exd5 Nxd5 6. Bg2 Nxc3 7. bxc3 Bd6 8.
O-O O-O 9. d3 Bf5 10. Rb1 Rb8 11. Be3 Qd7 12. Re1 Bh3 13. Bh1 h6 14. d4 e4 15.
Nd2 f5 16. f4 Qf7 17. c4 b6 18. c3 Na5 19. c5 Be7 20. Qa4 Rbd8 21. Bg2 Bxg2 22.
Kxg2 Bf6 23. Rb2 Kh7 24. Qb5 Qd5 25. Qa6 Rf7 26. Rd1 g5 27. c4 Qa8 28. Nf1 Qc6
29. Rbd2 Qa4 30. Qxa7 Qxc4 31. cxb6 Nc6 32. Qa3 cxb6 33. d5 Ne7 34. d6 Ng6 35.
Qb3 b5 36. Rc2 Qxb3 37. axb3 Rfd7 38. Rc6 Nf8 39. Bb6 Ra8 40. Ne3 Kg6 41. Rc5
Ra6 42. Rxb5 Rb7 43. Nc4 Nd7 44. Ra5 Rxa5 45. Bxa5 Rxb3 46. Rd5 gxf4 47. gxf4
h5 48. Bd2 h4 49. Ra5 Rd3 50. Be3 Rc3 51. Nb6 Nxb6 52. Bxb6 Rd3 53. Bc7 h3+ 54.
Kf2 Bg7 55. Ke2 Bh6 56. Ra6 Kh5 57. d7 Rxd7 58. Be5 Bg7 59. Ra3 Bxe5 60. fxe5
Re7 61. Ke3 Rxe5 62. Kf4 Rb5 63. Rxh3+ Kg6 64. Ra3 {[%mdl 256] a nice fortress,
which even holds out without the h2-pawn.  eine schöne Festung, die sogar ohne
den Bauern h2 hält.} Rb6 (64... Rd5 65. Ra6+ Kh5 66. Ra8 $11) 1/2-1/2

[Event "EU-Cup 21st"]
[Site "Saint Vincent"]
[Date "2005.09.21"]
[Round "4.5"]
[White "Kovalev, Andrei"]
[Black "Horvath, Jozsef"]
[Result "1/2-1/2"]
[WhiteElo "2548"]
[BlackElo "2512"]
[Annotator "Postny,E"]
[PlyCount "61"]
[EventDate "2005.09.18"]
[EventType "team-swiss"]
[EventRounds "7"]
[EventCountry "ITA"]
[SourceTitle "CBM 110"]
[Source "ChessBase"]
[SourceDate "2006.01.31"]
[SourceVersion "1"]
[SourceVersionDate "2006.01.31"]
[SourceQuality "1"]
[WhiteTeam "Ashdod"]
[BlackTeam "Zalaegerszeg"]
[WhiteTeamCountry "ISR"]
[BlackTeamCountry "HUN"]

1. e4 e5 2. Nf3 Nf6 3. Nc3 Nc6 4. g3 d5 5. exd5 Nd4 $5 {This provocative move
appeared just a few times in practice. Black is intending to exchange few more
light pieces, before capturing the Pd5.} ({The main line is obviously} 5...
Nxd5) 6. Bg2 (6. Nxe5 $2 {is too naive to be true.} Bd6 7. Nc4 Bg4 8. Be2 Nxe2
9. Nxe2 O-O 10. O-O Bf3 {[%csl Gf3] with more than sufficient compensation.})
6... Bg4 7. h3 (7. d3 Bb4 8. O-O O-O 9. Bg5 h6 10. Be3 Bxc3 11. bxc3 Nxf3+ 12.
Bxf3 Bxf3 13. Qxf3 Qxd5 $11 {1/2-1/2 Livshits,G (2375)-Van Veen,O (2207)/
Dieren NED 2005/The Week in Chess 563 (52)}) 7... Bxf3 8. Bxf3 Nxf3+ 9. Qxf3
Bb4 10. O-O O-O 11. Rd1 $1 $146 {This move is the only way to pose some
problems for black. White is intending to carry out the d2-d4 strike without
spending time on the developing move d2-d3.} (11. d3 Bxc3 (11... Qd7 12. Kh2
Bxc3 13. bxc3 Nxd5 14. Re1 Rfe8 15. Bd2 c5 16. Rab1 b6 $11 {1-0 Houska,J (2358)
-Pirrot,D (2422)/Germany 2003/EXT 2004 (35)}) 12. bxc3 Qxd5 13. Qxd5 Nxd5 14.
Bd2 Rfe8 15. c4 Ne7 16. Bc3 Nc6 17. Rab1 b6 18. Rfe1 f6 $11 {0-1 Gavrilakis,N 
(2402)-Gustafsson,J (2611)/Aghia Pelagia 2004/CBM 101 ext (40)}) 11... Qd7 12.
Ne4 Nxd5 $2 {After this natural move black is suddenly runs into trouble.} (
12... Nxe4 13. Qxe4 Bc5 {preventing d2-d4.} 14. Qxe5 Qxh3 15. d4 Rae8 (15...
Bd6 $1 16. Qe4 Rae8 17. Qf3 f5 18. Bf4 Re4 $14) 16. Qxc7 Bxd4 17. Qf4 $8 (17.
Bf4 $2 Bxf2+ $1 18. Kxf2 Qh2+ 19. Kf1 Re2 {mating.}) 17... Re5 18. Qxd4 Rfe8 {
[%cal Ge5e1,Ge5h5]} (18... Rh5 $2 19. Qe4 $18) {[%tqu "En","How should White
continue?","","","c1h6","",15]} 19. Bh6 $3 {[%csl Rg7]} Qxh6 20. Kg2 $16) 13.
d4 c6 (13... f5 14. Nc5 Qf7 15. dxe5 {[%csl Rd5] winning the pawn.}) (13...
Qxh3 14. dxe5 $16) (13... Nb6 14. dxe5 Qxh3 15. Rd4 $1 Be7 16. Nf6+ $1 Bxf6 (
16... gxf6 17. Rh4 Qd7 18. Qh5 $18) 17. exf6 $40) 14. dxe5 Qxh3 15. Ng5 Qh6 $8
(15... Qc8 $2 16. Qe4 $18 {[%csl Rb4,Rh7][%cal Oe4h7,Gd1d5]}) 16. Qg4 $1 {
[%csl Rb4][%cal Gd1d5]} f5 $8 17. Qc4 b5 18. Qb3 Rad8 19. Bf4 {Black is not
able to avoid the loss of material.} (19. Rxd5 $4 Rxd5 20. Qxb4 Rd1+ 21. Kg2
Qh1#) 19... Bc5 $1 {The best chance for black.} 20. Nf7 Qh5 ({Does not work:} 
20... Bxf2+ 21. Kg2 Qh5 22. Nxd8 Bb6 23. Qf3 Qxf3+ 24. Kxf3 Rxd8 25. b3 $18)
21. Nxd8 Rxd8 22. Kg2 $6 (22. c4 $1 {This move required precise calculation.}
Bxf2+ (22... bxc4 23. Qxc4 g5 24. Qxc5 gxf4 25. Rd3 $18) 23. Kxf2 Qh2+ 24. Kf3
Qh5+ 25. Kg2 Nxf4+ 26. gxf4 Qe2+ (26... Qg4+ 27. Kf2 Qxf4+ 28. Qf3 Qh2+ 29. Kf1
$18) 27. Kg1 Qg4+ 28. Kf2 Qxf4+ 29. Qf3 Qh2+ 30. Kf1 $18) 22... g5 23. Bd2 f4
24. gxf4 gxf4 25. Bxf4 Kh8 26. Bg3 $2 {Spoiling the advantage.} ({It was
necessary to eliminate the dangerous knight:} 26. Rxd5 $1 Rxd5 27. Qg3 $16 (27.
Re1 $16)) {[%tqu "En","How can Black save the game?","","","d5e3","This strike
forces a perpetual check.",10]} 26... Ne3+ $1 {This strike forces a perpetual
check.} 27. fxe3 Qe2+ 28. Kh3 Qh5+ 29. Kg2 (29. Bh4 Qf5+ 30. Kh2 Qxe5+ $11)
29... Qe2+ 30. Kh3 Qh5+ 31. Kg2 1/2-1/2